Inteligentné webové riešenie pre online prieskumy s využitím ChatGPT a AI avatarov
Salvato in:
| Autore principale: | |
|---|---|
| Altri autori: | |
| Natura: | Manoscritto Libro |
| Lingua: | slovacco |
| Pubblicazione: |
2025
|
| Soggetti: | |
| Accesso online: | http://is.stuba.sk/zp/portal_zp.pl?podrobnosti=184051 |
| Tags: |
Nessun Tag, puoi essere il primo ad aggiungerne!!
|
MARC
| LEADER | 00000ntm a22000003a 4500 | ||
|---|---|---|---|
| 001 | stuzp105770 | ||
| 003 | SK-STU | ||
| 005 | 20250607211533.6 | ||
| 007 | ta | ||
| 008 | 150427s2015----xo-----f-mn---000-0-slo-d | ||
| 040 | |a STU |b slo | ||
| 041 | 0 | |a slo | |
| 100 | 1 | |a Hetteš, Samuel |u 070200 |4 aut |U FIIT Fakulta informatiky a informačných technológií |T FIIT Ústav informatiky, informačných systémov a softvérového inžinierstva |X 110968 |U I200 |Y 179 |7 110968 | |
| 242 | 0 | 1 | |a Smart web solution for online surveys using ChatGPT and AI avatars |y eng |
| 245 | 1 | 0 | |a Inteligentné webové riešenie pre online prieskumy s využitím ChatGPT a AI avatarov |
| 260 | |c 2025 | ||
| 650 | 4 | |a respondent motivation |2 eng | |
| 650 | 4 | |a respondent engagement |2 eng | |
| 650 | 4 | |a ChatGPT |2 eng | |
| 650 | 4 | |a AI avatars |2 eng | |
| 650 | 4 | |a artificial intelligence |2 eng | |
| 650 | 4 | |a online surveys |2 eng | |
| 650 | 4 | |a ChatGPT |2 slo | |
| 650 | 4 | |a AI avatary |2 slo | |
| 650 | 4 | |a motivácia respondentov |2 slo | |
| 650 | 4 | |a angažovanosť respondentov |2 slo | |
| 650 | 4 | |a umelá inteligencia |2 slo | |
| 650 | 4 | |a online prieskumy |2 slo | |
| 700 | 1 | |a Kuric, Eduard |u 070200 |k Z1 |4 ths |U FIIT Fakulta informatiky a informačných technológií |T FIIT Ústav informatiky, informačných systémov a softvérového inžinierstva |X 17452 |U I200 |Y 179 |7 17452 | |
| 856 | 4 | |u http://is.stuba.sk/zp/portal_zp.pl?podrobnosti=184051 | |